Talcott Parsons /

Bibliographic Details
Main Author: Nordquist, Joan
Format: Book
Language:English
Published: Santa Cruz, Calif. : Reference and Research Services, 1987.
Series:Social theory ; no. 8.
Subjects:

MARC

Tag First Indicator Second Indicator Subfields
LEADER 00000cam a2200000 a 4500
001 in00000036181
005 20151007055406.0
008 880218s1987 cau b 00110 eng d
020 |a 0937855146 
035 |a (OCoLC)17500717 
035 |9 AAB8121AM 
040 |a CIN  |c CIN  |d TXA  |d UtOrBLW 
049 |a TXAM  |c [A11114403] 
050 4 |a Z8660.94  |b .N67 1987 
100 1 |a Nordquist, Joan. 
245 1 0 |a Talcott Parsons /  |c compiled by Joan Nordquist. 
264 1 |a Santa Cruz, Calif. :  |b Reference and Research Services,  |c 1987. 
300 |a 60 pages ;  |c 22 cm. 
336 |a text  |b txt  |2 rdacontent 
337 |a unmediated  |b n  |2 rdamedia 
338 |a volume  |b nc  |2 rdacarrier 
490 1 |a Social theory, a bibliographic series ;  |v no. 8 
504 |a Bibliography: page 56. 
500 |a Includes indexes. 
600 1 0 |a Parsons, Talcott,  |d 1902-1979  |v Bibliography. 
830 0 |a Social theory ;  |v no. 8. 
999 |a MARS 
999 f f |s 03483893-ce2c-33dd-9572-99817c98ee08  |i 3c0cc525-9527-3802-9faa-486a3374231f  |t 0 
952 f f |p ric  |a Texas A&M University  |b Rellis Campus  |c Joint Library Facility  |d Remote Storage  |t 0  |e Z8660.94 .N67 1987  |h Library of Congress classification  |i unmediated -- volume  |m A14811114403 
998 f f |a Z8660.94 .N67 1987  |t 0  |l Remote Storage